000 00704nam a2200205 4500
001 139718
003 ES-MaACL
005 20231129150658.0
007 t|
008 070214s1966 sp r ||||1| spa d
100 1 _aSaz-Orozco, Carlos del.
_9104115
245 1 0 _aDesarrollo del concepto de Dios en el pensamiento religioso de Juan Ramón Jiménez /
_cCarlos del Saz-Orozco.
260 _aMadrid :
_bRazón y Fe,
_c1966.
300 _aXX, 236 p., 7 lám. :
_bil. ;
_c20 cm.
490 1 _aFormas del espíritu ;
_v5
600 1 4 _aJiménez, Juan Ramón,
_d1881-1958-
_xReligión
_9172404
830 1 _aFormas del espíritu ;
_v5
_9220261
852 _aES-MaACL
_jC-29295
999 _c139718
_d139718